000 00443nam a2200169 a 4500
001 0000-9190
003 ELIB.Books
008 110520 2007
035 _a(ELIB.Books)0000-9342
082 _aM.A.R.
_bHsu
100 _aHsu Lar Paw, Naw
245 _aViolence Against Woman in Asia
260 _bInsein: Karen Baptist Theological Seminary
_c2007
650 _aThesis
942 _2ddc
_cBK
998 _cbat
_e2011-05-20
999 _c9190
_d9190